000
00313nam a22001337a 4500
082
_a
347.4106
_b
MON
100
_a
Monir, M.
245
_a
The Law of Evidence /
_c
M. Monir
250
_a
10th Edition.
300
_a
560 p. ;
563
_a
Hardcover.
650
_a
Law, Evidence
_9
103174
942
_2
ddc
_c
BK
999
_c
613051
_d
613051